Welcome to CU Library Online Public Access Catalogue (OPAC)

Eastman's Expectant motherhood / (Record no. 4128)

MARC details
000 -LEADER
fixed length control field 00753cam a2200241 a 4500
001 - CONTROL NUMBER
control field 4697373
005 - DATE AND TIME OF LATEST TRANSACTION
control field 20250222121344.0
008 - FIXED-LENGTH DATA ELEMENTS--GENERAL INFORMATION
fixed length control field 820923s1983 maua 001 0 eng
020 ## - INTERNATIONAL STANDARD BOOK NUMBER
International Standard Book Number 0316203963
050 00 - LIBRARY OF CONGRESS CALL NUMBER
Classification number RG525
Item number .E2 1983
082 00 - DEWEY DECIMAL CLASSIFICATION NUMBER
Classification number 618.2
Edition information 19
100 1# - MAIN ENTRY--PERSONAL NAME
Personal name Eastman, Nicholson J.
Fuller form of name (Nicholson Joseph),
Dates associated with a name 1895-1973.
245 10 - TITLE STATEMENT
Title Eastman's Expectant motherhood /
Statement of responsibility, etc. by Keith P. Russell.
250 ## - EDITION STATEMENT
Edition statement 7th ed., rev.
260 ## - PUBLICATION, DISTRIBUTION, ETC.
Place of publication, distribution, etc. Boston :
Name of publisher, distributor, etc. Little, Brown and company
Date of publication, distribution, etc. c1983.
300 ## - PHYSICAL DESCRIPTION
Extent xvi, 256 p. :
Other physical details ill. ;
Dimensions 22 cm.
500 ## - GENERAL NOTE
General note Includes index.
650 #0 - SUBJECT ADDED ENTRY--TOPICAL TERM
Topical term or geographic name entry element Pregnancy
Form subdivision Popular works.
650 #0 - SUBJECT ADDED ENTRY--TOPICAL TERM
Topical term or geographic name entry element Childbirth
Form subdivision Popular works.
650 #0 - SUBJECT ADDED ENTRY--TOPICAL TERM
Topical term or geographic name entry element Obstetrics
Form subdivision Popular works.
700 1# - ADDED ENTRY--PERSONAL NAME
Personal name Russell, Keith P.
942 ## - ADDED ENTRY ELEMENTS (KOHA)
Source of classification or shelving scheme Library of Congress Classification
Koha item type Books
Edition 7th ed. rev.
Suppress in OPAC No
999 ## -
-- 4128
-- 4128
Holdings
Withdrawn status Lost status Source of classification or shelving scheme Damaged status Not for loan Collection Home library Current library Shelving location Date acquired Total checkouts Full call number Barcode Date last seen Copy number Price effective from Koha item type
    Library of Congress Classification     Non-fiction Science Library (Miotso) Science Library (Miotso) General stacks 02/22/2025   RG525 .E2 RUS SLM00003636 02/22/2025 1 02/22/2025 Books
© 2023-2024 Copyright: Central University Libraries. All Rights Reserved | Created by: Mahone Tech Office